Richer countries than others #1 - Statistics

General Stats
  • This quiz has been taken 17 times
  • The average score is 10 of 15
Answer Stats
Question Answer % Correct
Wich is the richest? France
100%
Wich is the richest? Germany
100%
Wich is the richest? Madagascar
100%
Wich is the richest? Qatar
100%
Wich is the richest? Taiwan
100%
Wich is the richest? Croatia
50%
Wich is the richest? Denmark
50%
Wich is the richest? Italy
50%
Wich is the richest? Malaysia
50%
Wich is the richest? Nigeria
50%
Wich is the richest? Somalia
50%
Wich is the richest? Tunisia
50%
Wich is the richest? Turkmenistan
50%
Wich is the richest? Zambia
50%
Wich is the richest? Iceland
0%
No matching quizzes found
Score Distribution
Percent of People with Each Score
Percentile by Number Answered
Your Score History
You have not taken this quiz